<?xml version="1.0" encoding="UTF-8"?>
<record
    xmlns:xsi="http://www.w3.org/2001/XMLSchema-instance"
    xsi:schemaLocation="http://www.loc.gov/MARC21/slim http://www.loc.gov/standards/marcxml/schema/MARC21slim.xsd"
    xmlns="http://www.loc.gov/MARC21/slim">

  <leader>00477nam a2200145   4500</leader>
  <controlfield tag="008">708 B954t</controlfield>
  <datafield tag="020" ind1=" " ind2=" ">
    <subfield code="a">9780578582658</subfield>
  </datafield>
  <datafield tag="082" ind1=" " ind2=" ">
    <subfield code="a">708</subfield>
    <subfield code="b">B954t</subfield>
  </datafield>
  <datafield tag="100" ind1=" " ind2=" ">
    <subfield code="a">Burga, Teresa</subfield>
    <subfield code="9">7288</subfield>
  </datafield>
  <datafield tag="245" ind1=" " ind2=" ">
    <subfield code="a">Teresa Burga</subfield>
  </datafield>
  <datafield tag="260" ind1=" " ind2=" ">
    <subfield code="a">Nueva York</subfield>
    <subfield code="b">Alexander Gray Association</subfield>
    <subfield code="c">2019</subfield>
  </datafield>
  <datafield tag="300" ind1=" " ind2=" ">
    <subfield code="a">98 p.</subfield>
    <subfield code="b">il. (col)</subfield>
    <subfield code="c">23 x 17 cm</subfield>
  </datafield>
  <datafield tag="650" ind1=" " ind2=" ">
    <subfield code="x">arte conceptual</subfield>
    <subfield code="x">arte - exhibiciones</subfield>
    <subfield code="x">artista - cat&#xE1;logo de exhibici&#xF3;n </subfield>
    <subfield code="x">Per&#xFA;</subfield>
    <subfield code="x">dibujo</subfield>
    <subfield code="x">instalaci&#xF3;n</subfield>
    <subfield code="9">7289</subfield>
  </datafield>
  <datafield tag="700" ind1=" " ind2=" ">
    <subfield code="a">Jassan, Alejandro (editor)</subfield>
    <subfield code="9">7290</subfield>
  </datafield>
  <datafield tag="999" ind1=" " ind2=" ">
    <subfield code="c">1892</subfield>
    <subfield code="d">1892</subfield>
  </datafield>
  <datafield tag="952" ind1=" " ind2=" ">
    <subfield code="0">0</subfield>
    <subfield code="1">0</subfield>
    <subfield code="2">ddc</subfield>
    <subfield code="4">0</subfield>
    <subfield code="7">0</subfield>
    <subfield code="a">LV</subfield>
    <subfield code="b">LV</subfield>
    <subfield code="c">Monograf&#xED;as</subfield>
    <subfield code="d">2020-02-19</subfield>
    <subfield code="l">0</subfield>
    <subfield code="o">708 B954t</subfield>
    <subfield code="p">003038</subfield>
    <subfield code="r">2020-02-19 00:00:00</subfield>
    <subfield code="w">2020-02-19</subfield>
    <subfield code="y">01</subfield>
  </datafield>
</record>
